000 00711nam a2200217Ia 4500
003 OSt
005 20240514145515.0
008 210716s2013 xx 000 0 und d
020 _a9781137505170
040 _cAIMIT LIBRARY
041 _aeng
082 _a374.22
_21
_bMESW
100 _aMessner, Wolfgang.
_9164443
245 _aMaking the compelling business case :
_bdecision making techniques for successful business growth. /
_cBy Wolfgang Messner.
250 _a1st ed.
260 _aNew York :
_bPalgrave ,
_c2013.
300 _axxx,431p. ;
_bPB
_c21.5 cm
650 _aDeciding on coporate investments
_9164444
650 _aInvestment characteristics
_9164445
942 _2ddc
_cBK
_e1st
_k374.22 MESW
999 _c209139
_d209139